| 000 | 00497nam a2200157 a 4500 | ||
|---|---|---|---|
| 005 | 20140412111244.0 | ||
| 008 | 010809s19uu xx 00 eng d | ||
| 020 | _a971-511-390-7 | ||
| 050 |
_aFil E _bAb8 1995 |
||
| 245 |
_aSi Abraham / _cillustrations by Elmer Cruz, Roderick Cruz & Leo Cultura. |
||
| 260 |
_aMandaluyong City, Manila : _bOMF Literature Inc, _c1995. |
||
| 300 | _a1v. (unp.) ; ill. | ||
| 650 | _aBible stories for children | ||
| 650 | _aBible Character, O.T. | ||
| 999 |
_c102872 _d102872 |
||